00364 2200157 4500245004900000020001800049250001100067100001900078650001600097005001900113260002800132041001400160084000800174300001500182336000900197 aGendut , Siapa Takut ?cIndari MastutihText a979-759-040-2 aCet. 2 aIndari Mastuti aNovel Fiksi a20230113083419 aJakartabGrasindoc2006 aIndonesia a813 a104 hlm. : atext